| 000 | 01124cab a2200229 4500 | ||
|---|---|---|---|
| 001 | ABS67616 | ||
| 008 | 040324n2004 000 0 eng u | ||
| 035 | _a(Sirsi) u125544 | ||
| 100 | _aBurall, P. | ||
| 245 | _aPutting wind turbines in their place | ||
| 260 | _c2004 | ||
| 490 |
_aTown & Country Planning _v73(2) February 2004, 60-63(4) |
||
| 520 | _aGovernment targets for renewable energy are under threat as many planning applications have been turned down following objections over their possible detrimental visual impact. Few planning authorities have clear criteria for properly assessing such applications. However, two Norfolk local authorities, with the assistance of land use consultants, have developed a system of landscape character assessment to guide siting decisions. Includes examples of the criteria with tables and illustrations. | ||
| 590 | _aABS | ||
| 650 | _aWIND TURBINES | ||
| 650 | _aRENEWABLE ENERGY | ||
| 650 | _aPLANNING AUTHORITIES | ||
| 650 | _aLANDSCAPE CHARACTER | ||
| 650 | _aLANDSCAPE IMPACT ASSESSMENT | ||
| 690 | _aENVIRONMENTAL AND LAND CONSULTANCY-ENERGY | ||
| 942 | _n0 | ||
| 999 |
_c74291 _d74291 |
||